Asian Airports IATA Codes - Sudden Death - Statistics

General Stats
  • This quiz has been taken 36 times
  • The average score is 4 of 15
Answers on the Grid
Answers color-coded by a green-red scale on the quiz's grid according to % correct below.
BEI
CAN
CDU
CJK
CJU
CTS
DAK
DMK
DPS
DUB
DVO
GMP
HGH
ICN
IST
KHI
KIX
PKX
NJG
PUG
RIH
SEO
SGN
SGP
TAO
TEH
TFU
TJN
URQ
XIA
 
Answer Stats
Answer % Correct
DPS
55%
CAN
50%
CJU
40%
ICN
40%
SGN
35%
CTS
30%
DMK
30%
GMP
25%
KIX
25%
HGH
20%
PKX
20%
DVO
15%
KHI
15%
TFU
15%
TAO
10%
No matching quizzes found
Score Distribution
Percent of People with Each Score
Percentile by Number Answered
Your Score History
You have not taken this quiz